Central Library OPAC University of Rajshahi

My Lord, what a morning / (Record no. 22307)

MARC details
000 -LEADER
fixed length control field 00767nam a22002412i 4500
001 - CONTROL NUMBER
control field 22307
003 - CONTROL NUMBER IDENTIFIER
rucl marc code BD-RjUL
005 - DATE AND TIME OF LATEST TRANSACTION
control field 20211209000806.0
008 - FIXED-LENGTH DATA ELEMENTS--GENERAL INFORMATION
fixed length control field 140308t1956 ny a 000 0 eng d
035 ## - SYSTEM CONTROL NUMBER
System control number (BD-RjUL)22372
040 ## - CATALOGING SOURCE
Original cataloging agency JNA
Transcribing agency JNA
Modifying agency OCL
-- EQO
-- BD-RjUL
Language of cataloging eng
041 ## - LANGUAGE CODE
Language code of text/sound track or separate title eng
082 04 - DEWEY DECIMAL CLASSIFICATION NUMBER
Classification number 920
Author mark and year ANM 1956
090 ## - LOCALLY ASSIGNED LC-TYPE CALL NUMBER (OCLC); LOCAL CALL NUMBER (OCLC)
Classification number (OCLC) (R) ; Classification number, CALL (RLIN) (NR) ML420.A6
Local cutter number (OCLC) ; Book number/undivided call number, CALL (RLIN) A3 1957
100 1# - MAIN ENTRY--PERSONAL NAME
Personal name Anderson, Marian,
Dates associated with a name 1897-1993.
9 (RLIN) 68875
245 10 - TITLE STATEMENT
Title My Lord, what a morning /
Statement of responsibility, etc. Marian Anderson
260 ## - PUBLICATION, DISTRIBUTION, ETC. (IMPRINT)
Place of publication, distribution, etc. New yourk :
Name of publisher, distributor, etc. Cresset Press,
Date of publication, distribution, etc. c1956.
300 ## - PHYSICAL DESCRIPTION
Pagination 253 p. ;
Size 18 cm.
500 ## - GENERAL NOTE
General note "A condensed version ... appeared in serial form in the Woman's home companion."
600 10 - SUBJECT ADDED ENTRY--PERSONAL NAME
Personal name Anderson, Marian,
Dates associated with a name 1897-1993.
650 #0 - SUBJECT ADDED ENTRY--TOPICAL TERM
Topical term or geographic name as entry element Singers
Geographic subdivision United States
General subdivision Biography
9 (RLIN) 68877
942 ## - ADDED ENTRY ELEMENTS (KOHA)
Source of classification or shelving scheme Dewey Decimal Classification
Koha item type Books
Holdings
Lost status Source of classification or shelving scheme Damaged status Not for loan Collection code Permanent Location Current Location Shelving location Date acquired Source of acquisition Cost, normal purchase price Total Checkouts Full call number Date last seen Copy number Koha item type
  Dewey Decimal Classification   Added to bundle Non-fiction Central Library, University of Rajshahi Central Library, University of Rajshahi Reading Room 29/10/1990 shaukat osman 0.00   920 ANM 1956 08/03/2014 C-1 Books